[Event "Hamburg-chT Landesliga 1920"]
[Site "Hamburg"]
[Date "2021.08.21"]
[Round "8.18"]
[White "Cremer, Jochen"]
[Black "De Voogt, Juergen"]
[Result "0-1"]
[WhiteElo "2111"]
[BlackElo "2228"]
[PlyCount "82"]
[EventDate "2019.09.29"]
[EventType "team-tourn"]
[EventRounds "9"]
[EventCountry "GER"]
[SourceTitle "EXT 2023"]
[Source "ChessBase"]
[SourceDate "2022.10.05"]
[SourceVersion "1"]
[SourceVersionDate "2022.10.05"]
[SourceQuality "1"]
[WhiteTeam "Hamburg Koenigsspringer II"]
[BlackTeam "Fischbek"]
[WhiteTeamCountry "GER"]
[BlackTeamCountry "GER"]

1. c4 g6 2. g3 Bg7 3. Bg2 Nc6 4. Nc3 e5 5. e3 d6 6. Nge2 Bg4 7. h3 Be6 8. d4 Bxc4 9. d5 Bxe2 10. Qxe2 Nb8 11. Qb5+ Nd7 12. Qxb7 Qb8 13. Qxb8+ Rxb8 14. 0-0 f5 15. e4 Bh6 16. exf5 Bxc1 17. Raxc1 gxf5 18. Na4 Kd8 19. f4 e4 20. g4 Ngf6 21. gxf5 Rb4 22. Nc3 Rxb2 23. Rf2 Rxf2 24. Kxf2 Nc5 25. Rb1 Kd7 26. Bf1 Rg8 27. Bb5+ Ke7 28. Be2 h5 29. Bc4 h4 30. Ne2 Nh5 31. Ke3 Kf6 32. Bb5 Ng3 33. Nd4 Nxf5+ 34. Nxf5 Kxf5 35. Bf1 Rg3+ 36. Kf2 Kxf4 37. Rb8 Ra3 38. Rf8+ Ke5 39. Rf7 Kd4 40. Rxc7 Rxa2+ 41. Kg1 a5 0-1

[Event "Hamburg-chT Landesliga 1920"]
[Site "Hamburg"]
[Date "2019.11.24"]
[Round "3.2"]
[White "Cremer, Jochen"]
[Black "Gremmel, Jonas Simon"]
[Result "1/2-1/2"]
[WhiteElo "2094"]
[BlackElo "2039"]
[PlyCount "60"]
[EventDate "2019.09.29"]
[EventType "team-tourn"]
[EventRounds "9"]
[EventCountry "GER"]
[SourceTitle "EXT 2021"]
[Source "ChessBase"]
[SourceDate "2020.10.23"]
[SourceVersion "1"]
[SourceVersionDate "2020.10.23"]
[SourceQuality "1"]

1. c4 c6 2. Nf3 d5 3. e3 Nf6 4. Nc3 g6 5. b3 Bg7 6. Bb2 0-0 7. Be2 Nbd7 8. d4 b6 9. 0-0 Bb7 10. cxd5 Nxd5 11. Nxd5 cxd5 12. Rc1 Rc8 13. Qd3 Nb8 14. Rxc8 Bxc8 15. Rc1 Bb7 16. Qc3 Qc8 17. Ba3 Bf6 18. Ne5 Qxc3 19. Rxc3 Rc8 20. Rxc8+ Bxc8 21. Bg4 Bxg4 22. Nxg4 Kg7 23. f3 Nc6 24. Kf2 h5 25. Nxf6 Kxf6 26. Ke2 e5 27. dxe5+ Kxe5 28. Bb2+ Ke6 29. Bc3 f5 30. Kd3 Nd8 1/2-1/2

[Event "Hamburg-chT Landesliga 1920"]
[Site "Hamburg"]
[Date "2019.10.20"]
[Round "2.2"]
[White "Schroeder, Christoph"]
[Black "Cremer, Jochen"]
[Result "1-0"]
[WhiteElo "2138"]
[BlackElo "2112"]
[PlyCount "63"]
[EventDate "2019.09.29"]
[EventType "team-tourn"]
[EventRounds "9"]
[EventCountry "GER"]
[SourceTitle "EXT 2021"]
[Source "ChessBase"]
[SourceDate "2020.10.23"]
[SourceVersion "1"]
[SourceVersionDate "2020.10.23"]
[SourceQuality "1"]

1. e4 c5 2. Nf3 d6 3. d4 cxd4 4. Nxd4 Nf6 5. Nc3 a6 6. Be2 e5 7. Nb3 Be7 8. Bg5 Be6 9. Bxf6 Bxf6 10. Qd3 Nc6 11. 0-0-0 Be7 12. a3 Rc8 13. Nd5 Bg5+ 14. Kb1 0-0 15. g3 Bxd5 16. Qxd5 Be7 17. Bg4 Rc7 18. Rd3 Qb8 19. Rf3 Qa7 20. Rd1 a5 21. c3 a4 22. Na1 g6 23. Nc2 h5 24. Bh3 Na5 25. Nb4 Rc5 26. Qd3 Nc4 27. Qc2 b5 28. Rfd3 Rd8 29. Qe2 Nb6 30. f4 exf4 31. gxf4 Bf6 32. e5 1-0

[Event "Vienna op"]
[Site "Vienna"]
[Date "2019.08.17"]
[Round "1"]
[White "Cremer, Jochen"]
[Black "Ravi, Teja Sanka"]
[Result "0-1"]
[WhiteElo "2128"]
[BlackElo "2420"]
[PlyCount "94"]
[EventDate "2019.08.17"]
[EventType "swiss"]
[EventRounds "9"]
[EventCountry "AUT"]
[SourceTitle "EXT 2020"]
[Source "ChessBase"]
[SourceDate "2019.10.17"]
[SourceVersion "1"]
[SourceVersionDate "2019.10.17"]
[SourceQuality "1"]

1. e4 c6 2. d4 d5 3. Nc3 dxe4 4. Nxe4 Nf6 5. Nxf6+ exf6 6. c3 Bd6 7. Bd3 0-0 8. Ne2 Re8 9. 0-0 Nd7 10. Bf4 Nf8 11. Bxd6 Qxd6 12. Ng3 Be6 13. Qd2 Rad8 14. Rfe1 b6 15. Qc2 Ng6 16. Nf5 Qc7 17. g3 h5 18. Ne3 Nf8 19. Be4 g6 20. Ng2 c5 21. dxc5 Qxc5 22. Nf4 Bg4 23. h3 Bc8 24. Rad1 Qe5 25. Re3 Qb8 26. Rxd8 Rxd8 27. Bd5 Bb7 28. Bb3 Re8 29. Qe2 Rxe3 30. Qxe3 Qe5 31. Qe2 Kg7 32. Kh2 h4 33. Qxe5 hxg3+ 34. Kxg3 fxe5 35. Nd5 Ne6 36. Ne3 Nc5 37. Bc2 f5 38. Nc4 Kf6 39. Nd6 Bd5 40. b3 f4+ 41. Kh2 e4 42. Nc8 Nd3 43. Kg1 f3 44. Nxa7 Be6 45. Nb5 e3 46. fxe3 f2+ 47. Kg2 Bxh3+ 0-1

[Event "Oberliga Nord N 1819"]
[Site "Germany"]
[Date "2019.04.07"]
[Round "9.8"]
[White "Cremer, Jochen"]
[Black "Gremmel, Jonas Simon"]
[Result "1-0"]
[WhiteElo "2104"]
[BlackElo "1965"]
[PlyCount "89"]
[EventDate "2018.10.21"]
[EventType "team-tourn"]
[EventRounds "9"]
[EventCountry "GER"]
[SourceTitle "EXT 2020"]
[Source "ChessBase"]
[SourceDate "2019.10.17"]
[SourceVersion "1"]
[SourceVersionDate "2019.10.17"]
[SourceQuality "1"]
[WhiteTeam "Hamburg Koenigsspringer"]
[BlackTeam "Hamburg Schachfreunde"]
[WhiteTeamCountry "GER"]
[BlackTeamCountry "GER"]

1. c4 c5 2. g3 g6 3. Bg2 Bg7 4. Nc3 Nc6 5. a3 Nf6 6. Rb1 d6 7. b4 cxb4 8. axb4 0-0 9. e3 Ne5 10. d3 Bf5 11. e4 Bd7 12. h3 a6 13. Nge2 Rc8 14. Be3 b5 15. cxb5 Bxb5 16. Nxb5 axb5 17. 0-0 Qc7 18. f4 Ned7 19. Rc1 Qb8 20. Nd4 Rxc1 21. Qxc1 e5 22. Nc6 Qb7 23. d4 Nh5 24. Kh2 Nb6 25. Na5 Qb8 26. d5 Nc4 27. f5 Nxa5 28. bxa5 Rc8 29. Qb2 Nf6 30. fxg6 fxg6 31. Rb1 Qc7 32. Rc1 Qb7 33. Rxc8+ Qxc8 34. Qxb5 Qc3 35. Bf2 Qc2 36. Qb6 Nd7 37. Qd8+ Nf8 38. Bb6 Qa4 39. Qxd6 Nd7 40. Qc6 Qa3 41. Qe6+ Kf8 42. Qxd7 Bh6 43. Qc8+ Kg7 44. Bc5 Qxa5 45. Qf8# 1-0

[Event "Hamburg-chT Landesliga 1718"]
[Site "Hamburg"]
[Date "2018.04.21"]
[Round "8.2"]
[White "Cremer, Jochen"]
[Black "Keyser, Philipp"]
[Result "0-1"]
[WhiteElo "2127"]
[BlackElo "1959"]
[PlyCount "140"]
[EventDate "2017.10.08"]
[EventType "team-tourn"]
[EventRounds "9"]
[EventCountry "GER"]
[SourceTitle "EXT 2021"]
[Source "ChessBase"]
[SourceDate "2020.10.23"]
[SourceVersion "1"]
[SourceVersionDate "2020.10.23"]
[SourceQuality "1"]
[WhiteTeam "Hamburg Koenigsspringer II"]
[BlackTeam "Johanneum Eppendorf II"]
[WhiteTeamCountry "GER"]
[BlackTeamCountry "GER"]

1. c4 c5 2. Nc3 Nc6 3. g3 e5 4. Bg2 d6 5. a3 Nge7 6. Rb1 a5 7. e3 g6 8. Nge2 Bg7 9. b3 0-0 10. 0-0 Rb8 11. Bb2 Bg4 12. f4 Qd7 13. Rf2 Bh3 14. Bh1 f5 15. Qc2 h6 16. Nd5 Nxd5 17. Bxd5+ Kh8 18. Bc3 g5 19. Qb2 gxf4 20. exf4 Rbe8 21. Kh1 Nd4 22. Ng1 Bg4 23. b4 axb4 24. axb4 exf4 25. gxf4 b6 26. h3 Bh5 27. bxc5 bxc5 28. Qb7 Qd8 29. Rg2 Qf6 30. Nf3 Re7 31. Qb2 Bxf3 32. Bxf3 Qh4 33. Bd5 Qxf4 34. Rbg1 Be5 35. Qa1 Qh4 36. Rg8+ Rxg8 37. Rxg8+ Kh7 38. Qf1 Bf4 39. Bxd4 cxd4 40. Rg1 Re1 41. Qd3 Rxg1+ 42. Kxg1 Qe1+ 43. Kg2 Qxd2+ 44. Qxd2 Bxd2 45. Kf3 d3 46. c5 dxc5 47. Bc4 Kg6 48. Bxd3 Kg5 49. Ba6 h5 50. Bd3 h4 51. Ba6 Kf6 52. Ke2 Bb4 53. Kf3 Ke5 54. Ke3 Ba3 55. Kf3 Bc1 56. Bd3 f4 57. Bh7 Kd4 58. Bg6 c4 59. Bh7 Be3 60. Kg4 Bd2 61. Kf3 Kc3 62. Kg4 Kb2 63. Kxh4 c3 64. Kg4 c2 65. Bxc2 Kxc2 66. h4 Kd3 67. h5 Ke4 68. h6 Bc3 69. Kh3 Kf3 70. Kh2 Ke2 0-1

[Event "Hamburg St Pauli op-A"]
[Site "Hamburg"]
[Date "2015.07.22"]
[Round "6"]
[White "Poghosyan, Tigran"]
[Black "Cremer, Jochen"]
[Result "1/2-1/2"]
[WhiteElo "2113"]
[BlackElo "2171"]
[PlyCount "95"]
[EventDate "2015.07.18"]
[EventType "swiss"]
[EventRounds "9"]
[EventCountry "GER"]
[SourceTitle "EXT 2016"]
[Source "ChessBase"]
[SourceDate "2015.10.08"]
[SourceVersion "1"]
[SourceVersionDate "2015.10.08"]
[SourceQuality "1"]

1. e4 c5 2. Nf3 d6 3. d4 Nf6 4. Nc3 cxd4 5. Qxd4 a6 6. Bg5 Nc6 7. Qd2 e6 8. 0-0-0 Be7 9. Bf4 Ng4 10. Bg5 f6 11. Bf4 0-0 12. Nd4 Nge5 13. Bg3 Qb6 14. Nb3 f5 15. exf5 Rxf5 16. f4 Qc7 17. h4 Ng4 18. Bd3 g6 19. Qe2 h5 20. Bxf5 gxf5 21. Bf2 d5 22. g3 Kf7 23. Na4 b5 24. Nb6 Rb8 25. Nxc8 Qxc8 26. Rhe1 Bf6 27. Nc5 Nd8 28. Bg1 Qc6 29. Kb1 Rc8 30. c3 Be7 31. Nd3 Qc4 32. Ne5+ Nxe5 33. Qxh5+ Kg7 34. fxe5 b4 35. Be3 Nf7 36. Rd4 Qb5 37. cxb4 a5 38. g4 Rh8 39. Qxh8+ Kxh8 40. gxf5 exf5 41. e6 Nd6 42. Bf4 Ne4 43. Be5+ Kg8 44. Rg1+ Kf8 45. Bg7+ Kg8 46. Bf6+ Kf8 47. Bg7+ Kg8 48. Bf6+ 1/2-1/2

[Event "Hamburg St Pauli op-A"]
[Site "Hamburg"]
[Date "2015.07.19"]
[Round "3"]
[White "Cremer, Jochen"]
[Black "Stenner, Patrick"]
[Result "1/2-1/2"]
[WhiteElo "2171"]
[BlackElo "2254"]
[PlyCount "33"]
[EventDate "2015.07.18"]
[EventType "swiss"]
[EventRounds "9"]
[EventCountry "GER"]
[SourceTitle "EXT 2016"]
[Source "ChessBase"]
[SourceDate "2015.10.08"]
[SourceVersion "1"]
[SourceVersionDate "2015.10.08"]
[SourceQuality "1"]

1. e4 c6 2. d4 d5 3. Nd2 dxe4 4. Nxe4 Nf6 5. Nxf6+ exf6 6. Bc4 Qe7+ 7. Qe2 Be6 8. Bxe6 Qxe6 9. Nf3 Na6 10. Be3 Bd6 11. 0-0 0-0 12. Rfe1 Rfe8 13. c3 Nc7 14. Qc2 Qd7 15. Re2 Re6 16. Rae1 Rae8 17. Bc1 1/2-1/2

[Event "Hamburg-chT Landesliga 1314"]
[Site "Hamburg"]
[Date "2014.04.12"]
[Round "8.3"]
[White "Mueller, Jan Hendrik"]
[Black "Cremer, Jochen"]
[Result "0-1"]
[WhiteElo "2155"]
[BlackElo "2138"]
[PlyCount "68"]
[EventDate "2013.10.13"]
[EventType "team-tourn"]
[EventRounds "9"]
[EventCountry "GER"]
[SourceTitle "EXT 2022"]
[Source "ChessBase"]
[SourceDate "2021.10.06"]
[SourceVersion "1"]
[SourceVersionDate "2021.10.06"]
[SourceQuality "1"]
[WhiteTeam "Marmstorf"]
[BlackTeam "Hamburg Koenigsspringer II"]
[WhiteTeamCountry "GER"]
[BlackTeamCountry "GER"]

1. e4 c5 2. c4 g6 3. g3 Bg7 4. Bg2 Nc6 5. Ne2 e6 6. Nbc3 Nge7 7. d3 d6 8. Be3 Nd4 9. Qd2 Bd7 10. 0-0 0-0 11. Bh6 Nec6 12. Bxg7 Kxg7 13. f4 Rb8 14. Rae1 f5 15. Nxd4 Nxd4 16. Ne2 Nc6 17. Kh1 Qf6 18. Rd1 e5 19. Nc3 Qd8 20. Nd5 Be6 21. exf5 gxf5 22. Qe3 Re8 23. fxe5 Bxd5 24. Bxd5 Rxe5 25. Qf3 Nd4 26. Qh5 Qe8 27. Qh3 Qg6 28. Rf4 Rbe8 29. Rdf1 h5 30. Rh4 Re1 31. Kg1 Rxf1+ 32. Qxf1 Qg5 33. Bxb7 Re2 34. Bf3 Re1 0-1

[Event "Schwarzach op-A"]
[Site "Schwarzach"]
[Date "2009.08.22"]
[Round "8"]
[White "Knoblauch, Leonhard"]
[Black "Cremer, Jochen"]
[Result "1/2-1/2"]
[WhiteElo "2000"]
[BlackElo "2161"]
[PlyCount "72"]
[EventDate "2009.08.15"]
[EventType "swiss"]
[EventRounds "9"]
[EventCountry "AUT"]
[SourceTitle "CBM 132 Extra"]
[Source "ChessBase"]
[SourceDate "2009.11.03"]
[SourceVersion "1"]
[SourceVersionDate "2009.11.03"]
[SourceQuality "1"]

1. e4 c5 2. Nf3 d6 3. Bb5+ Bd7 4. Bxd7+ Qxd7 5. 0-0 Nf6 6. Re1 Nc6 7. c3 e6 8. d4 cxd4 9. cxd4 d5 10. e5 Ne4 11. Nc3 Nxc3 12. bxc3 Be7 13. Ng5 h6 14. Qh5 Rf8 15. Nh3 0-0-0 16. a4 Na5 17. Nf4 Qc6 18. Qe2 Qc4 19. Nd3 b6 20. Ba3 Bxa3 21. Rxa3 Kb8 22. Nb2 Qxe2 23. Rxe2 Rc8 24. Kf1 Kc7 25. Ke1 Kd7 26. f4 Ke7 27. Rf2 f6 28. Nd3 Nc4 29. Rb3 fxe5 30. Nxe5 Nxe5 31. fxe5 Rxf2 32. Kxf2 Rf8+ 33. Ke2 Kd7 34. a5 Kc6 35. axb6 axb6 36. Rb2 Rf7 1/2-1/2

[Event "Kiel op 21th"]
[Site "Kiel"]
[Date "2008.08.09"]
[Round "2"]
[White "Cremer, Jochen"]
[Black "Rohmann, Volker"]
[Result "1/2-1/2"]
[WhiteElo "2187"]
[BlackElo "1970"]
[PlyCount "83"]
[EventDate "2008.08.09"]
[EventType "swiss"]
[EventRounds "9"]
[EventCountry "GER"]
[SourceTitle "EXT 2009"]
[Source "ChessBase"]
[SourceDate "2008.11.26"]
[SourceVersion "1"]
[SourceVersionDate "2008.11.26"]
[SourceQuality "1"]

1. e4 e5 2. Nc3 Nc6 3. g3 g6 4. Bg2 Bg7 5. Nge2 Nge7 6. f4 d6 7. 0-0 0-0 8. Nd5 Nxd5 9. exd5 Nd4 10. Nxd4 exd4 11. d3 f5 12. Bd2 Bd7 13. Re1 Qf6 14. c3 Rfe8 15. Qb3 Rab8 16. Qc4 Rbc8 17. Kf2 Kf8 18. Rxe8+ Bxe8 19. a4 Bd7 20. a5 a6 21. Qb4 Rb8 22. c4 b5 23. c5 Kf7 24. c6 Be8 25. Re1 Kf8 26. Qa3 Bf7 27. Bb4 Rd8 28. Qa1 Re8 29. h3 h6 30. Rxe8+ Kxe8 31. Qe1+ Qe7 32. g4 Qe3+ 33. Qxe3+ dxe3+ 34. Kxe3 Bxb2 35. Kd2 Bd4 36. gxf5 gxf5 37. Bf3 Ke7 38. Ke2 Bc5 39. Bc3 Bg1 40. Bg7 h5 41. Bc3 Bc5 42. d4 1/2-1/2

[Event "Oberliga Nord N 0708"]
[Site "Germany"]
[Date "2008.02.10"]
[Round "6.6"]
[White "Dinckel, Joerg"]
[Black "Cremer, Jochen"]
[Result "1/2-1/2"]
[WhiteElo "2046"]
[BlackElo "2138"]
[PlyCount "43"]
[EventDate "2007.10.21"]
[EventType "team-tourn"]
[EventRounds "9"]
[EventCountry "GER"]
[SourceTitle "EXT 2009"]
[Source "ChessBase"]
[SourceDate "2008.11.26"]
[SourceVersion "1"]
[SourceVersionDate "2008.11.26"]
[SourceQuality "1"]
[WhiteTeam "St Pauli"]
[BlackTeam "Koenigsspringer"]
[WhiteTeamCountry "GER"]
[BlackTeamCountry "GER"]

1. d4 d5 2. c4 c6 3. Nf3 Nf6 4. cxd5 cxd5 5. Nc3 Nc6 6. Bf4 e6 7. e3 Bd6 8. Bxd6 Qxd6 9. Be2 0-0 10. 0-0 Bd7 11. Rc1 Rfc8 12. Qd3 Be8 13. h3 a6 14. Rfd1 b5 15. e4 Nb4 16. Qb1 Nxe4 17. Nxe4 dxe4 18. Qxe4 Bc6 19. Qe5 Qxe5 20. Nxe5 Bd5 21. a3 Na2 22. Rc5 1/2-1/2

[Event "Oberliga Nord N 0708"]
[Site "Germany"]
[Date "2008.01.20"]
[Round "5.8"]
[White "Cremer, Jochen"]
[Black "Doerge, Olaf"]
[Result "1-0"]
[WhiteElo "2138"]
[BlackElo "2007"]
[PlyCount "77"]
[EventDate "2007.10.21"]
[EventType "team-tourn"]
[EventRounds "9"]
[EventCountry "GER"]
[SourceTitle "EXT 2009"]
[Source "ChessBase"]
[SourceDate "2008.11.26"]
[SourceVersion "1"]
[SourceVersionDate "2008.11.26"]
[SourceQuality "1"]
[WhiteTeam "Koenigsspringer"]
[BlackTeam "Pinneberg"]
[WhiteTeamCountry "GER"]
[BlackTeamCountry "GER"]

1. e4 c5 2. c3 d6 3. d4 cxd4 4. cxd4 Nf6 5. Nc3 e6 6. Nf3 Be7 7. Be2 0-0 8. 0-0 Nc6 9. d5 exd5 10. exd5 Ne5 11. Nd4 Qa5 12. Qb3 Bf5 13. Nxf5 Rfe8 14. Bb5 Ned7 15. Nxe7+ Rxe7 16. Bg5 h6 17. Bxf6 Nxf6 18. Rae1 Rc7 19. Bd3 Ng4 20. Qb5 Qxb5 21. Nxb5 Rc5 22. Nc3 Ne5 23. Be2 a6 24. f4 Nd7 25. Rc1 Nf6 26. b4 Rc7 27. Bf3 Rc4 28. Ne4 Rxb4 29. Nxf6+ gxf6 30. g3 Rb2 31. Rf2 Rb4 32. Re2 Kf8 33. Kf2 Kg7 34. Rc7 Rf8 35. Rd7 Rb6 36. Bh5 Kg8 37. Kg2 a5 38. Kh3 f5 39. Ree7 1-0

[Event "Hamburg Koenigsspringer Elo op 5th"]
[Site "Hamburg"]
[Date "2007.05.19"]
[Round "5"]
[White "Cremer, Jochen"]
[Black "Keuchen, Michael"]
[Result "1/2-1/2"]
[WhiteElo "2156"]
[BlackElo "2144"]
[PlyCount "62"]
[EventDate "2007.05.17"]
[EventType "swiss"]
[EventRounds "7"]
[EventCountry "GER"]
[SourceTitle "EXT 2009"]
[Source "ChessBase"]
[SourceDate "2008.11.26"]
[SourceVersion "1"]
[SourceVersionDate "2008.11.26"]
[SourceQuality "1"]

1. e4 e6 2. d4 d5 3. Nd2 Nf6 4. e5 Nfd7 5. f4 c5 6. c3 Nc6 7. Ndf3 Qb6 8. g3 cxd4 9. cxd4 Bb4+ 10. Kf2 g5 11. fxg5 Ncxe5 12. Nxe5 Nxe5 13. Kg2 Nc6 14. Nf3 Bf8 15. b3 Bg7 16. Bb2 h6 17. h4 hxg5 18. hxg5 Rxh1 19. Kxh1 Bd7 20. Bh3 Qb4 21. Qd3 0-0-0 22. Kg2 Rh8 23. Rh1 Qd6 24. Rh2 a6 25. Bg4 Rxh2+ 26. Kxh2 Kc7 27. Qh7 Qf8 28. Kg2 Qh8 29. Qxh8 Bxh8 30. Bh5 Be8 31. Kf1 Bg7 1/2-1/2

[Event "Hamburg Koenigsspringer Elo op 5th"]
[Site "Hamburg"]
[Date "2007.05.17"]
[Round "1"]
[White "Cremer, Jochen"]
[Black "Schroeder, Kai Uwe"]
[Result "1-0"]
[WhiteElo "2156"]
[BlackElo "1799"]
[PlyCount "82"]
[EventDate "2007.05.17"]
[EventType "swiss"]
[EventRounds "7"]
[EventCountry "GER"]
[SourceTitle "EXT 2009"]
[Source "ChessBase"]
[SourceDate "2008.11.26"]
[SourceVersion "1"]
[SourceVersionDate "2008.11.26"]
[SourceQuality "1"]

1. e4 e6 2. d4 d5 3. Nd2 Nf6 4. e5 Nfd7 5. f4 c5 6. c3 Nc6 7. Ndf3 Qb6 8. g3 Be7 9. Kf2 f6 10. Kg2 f5 11. Rb1 Qd8 12. h4 h6 13. Be3 c4 14. b4 b5 15. a4 a6 16. h5 Nf8 17. Nh4 Bd7 18. a5 Qc7 19. g4 Bxh4 20. Rxh4 Ne7 21. g5 hxg5 22. fxg5 Nfg6 23. Rh3 Nf8 24. g6 0-0-0 25. Bg5 Re8 26. Bxe7 Rxe7 27. Qd2 Qd8 28. Qg5 Be8 29. Ne2 Rh6 30. Nf4 Bd7 31. Be2 Kb7 32. Bf3 Kc6 33. Kh2 Qe8 34. Re1 Bc8 35. Kg1 Rc7 36. Kf2 Nd7 37. Rhh1 Qg8 38. Qg2 Nf8 39. Nh3 Bd7 40. Qg5 Be8 41. Qd8 Nd7 1-0

[Event "Oberliga Nord N 0607"]
[Site "Germany"]
[Date "2006.10.15"]
[Round "1.7"]
[White "Klawitter, Harald"]
[Black "Cremer, Jochen"]
[Result "1/2-1/2"]
[WhiteElo "2100"]
[BlackElo "2167"]
[PlyCount "118"]
[EventDate "2006.10.15"]
[EventType "team-tourn"]
[EventRounds "9"]
[EventCountry "GER"]
[SourceTitle "EXT 2019"]
[Source "ChessBase"]
[SourceDate "2018.10.10"]
[SourceVersion "1"]
[SourceVersionDate "2018.10.10"]
[SourceQuality "1"]
[WhiteTeam "Kiel Meerbauer"]
[BlackTeam "Hamburg Koenigsspringer"]
[WhiteTeamCountry "GER"]
[BlackTeamCountry "GER"]

1. c4 c6 2. g3 d5 3. d4 Nf6 4. Bg2 dxc4 5. Nf3 g6 6. 0-0 Bg7 7. Ne5 Ng4 8. Nf3 0-0 9. h3 Nf6 10. Qc2 Bf5 11. Qxc4 Nbd7 12. Nc3 Rc8 13. Qb4 b5 14. Ne5 c5 15. Qxb5 cxd4 16. Nc6 Rxc6 17. Qxc6 dxc3 18. Qxc3 Be4 19. Qa3 Bxg2 20. Kxg2 Qa8+ 21. Kg1 Nb6 22. b3 Qc8 23. Kg2 Qc6+ 24. Kg1 Qe6 25. Bb2 Qxh3 26. Bxf6 Bxf6 27. Rad1 Ra8 28. Rd3 Qe6 29. Re3 Qd5 30. Rd3 Qe6 31. Re3 Qc6 32. Rc1 Qb7 33. Qa5 h6 34. Rd3 Kg7 35. Qb5 Rc8 36. Rcd1 Qc7 37. a4 Qc5 38. Qa6 Na8 39. Rd8 Rxd8 40. Rxd8 Nb6 41. Qxa7 Qc1+ 42. Kg2 Qc6+ 43. f3 Nd5 44. a5 Qb5 45. e4 Nc3 46. Qb6 Qe2+ 47. Qf2 Qb5 48. b4 e6 49. Rc8 Qd3 50. Qf1 Qd2+ 51. Kh3 Nd1 52. Qg2 Qg5 53. Rc5 Be5 54. Kh2 Ne3 55. f4 Qh5+ 56. Qh3 Nf1+ 57. Kg2 Ne3+ 58. Kh2 Nf1+ 59. Kg2 Ne3+ 1/2-1/2

[Event "Harburg-chA 4th"]
[Site "Hamburg"]
[Date "2006.08.13"]
[Round "4"]
[White "Cremer, Jochen"]
[Black "Schulenburg, Fabian"]
[Result "1/2-1/2"]
[WhiteElo "2160"]
[BlackElo "2110"]
[PlyCount "51"]
[EventDate "2006.08.??"]
[EventType "tourn"]
[EventRounds "5"]
[EventCountry "GER"]
[SourceTitle "EXT 2008"]
[Source "ChessBase"]
[SourceDate "2007.11.25"]
[SourceVersion "1"]
[SourceVersionDate "2007.11.25"]
[SourceQuality "1"]

1. d4 Nf6 2. c4 e6 3. Nf3 Bb4+ 4. Bd2 Qe7 5. a3 Bxd2+ 6. Qxd2 d6 7. Nc3 h6 8. e4 e5 9. dxe5 dxe5 10. Nd5 Nxd5 11. cxd5 0-0 12. Qc3 c6 13. Bc4 Re8 14. 0-0 Bd7 15. Rad1 cxd5 16. exd5 Qd6 17. Rfe1 f6 18. Ba2 Na6 19. Nd2 Rac8 20. Qg3 Nc5 21. Qg6 Qf8 22. b4 Na4 23. d6+ Kh8 24. Bf7 Red8 25. Ne4 Nc3 26. Nxc3 1/2-1/2

[Event "Harburg-chA 4th"]
[Site "Hamburg"]
[Date "2006.08.13"]
[Round "5"]
[White "Hawellek, Jeronimo"]
[Black "Cremer, Jochen"]
[Result "1-0"]
[WhiteElo "2302"]
[BlackElo "2160"]
[PlyCount "69"]
[EventDate "2006.08.??"]
[EventType "tourn"]
[EventRounds "5"]
[EventCountry "GER"]
[SourceTitle "EXT 2008"]
[Source "ChessBase"]
[SourceDate "2007.11.25"]
[SourceVersion "1"]
[SourceVersionDate "2007.11.25"]
[SourceQuality "1"]

1. d4 d5 2. c4 c6 3. Nc3 Nf6 4. Nf3 e6 5. e3 Nbd7 6. Qc2 Bd6 7. b3 0-0 8. Be2 dxc4 9. bxc4 e5 10. 0-0 Re8 11. Bb2 exd4 12. exd4 Nf8 13. Rad1 Qc7 14. h3 Ng6 15. Ng5 Nf4 16. Bf3 Qa5 17. d5 h6 18. Nge4 Nxe4 19. Bxe4 cxd5 20. Nxd5 Nxd5 21. Bxd5 Bf8 22. Bc3 Qc7 23. Rb1 Rb8 24. Rfe1 Bd7 25. Rxe8 Bxe8 26. Qf5 b6 27. Be4 Bd6 28. Qh7+ Kf8 29. Qxg7+ Ke7 30. Qf6+ Kf8 31. Qxh6+ Ke7 32. Qg5+ Kd7 33. Qf5+ Kd8 34. Bf6+ Be7 35. Be5 1-0

[Event "Oberliga Nord N 0506"]
[Site "Germany"]
[Date "2006.03.12"]
[Round "8.7"]
[White "Cremer, Jochen"]
[Black "Wandel, Bernd"]
[Result "1-0"]
[WhiteElo "2128"]
[BlackElo "2151"]
[PlyCount "147"]
[EventDate "2005.10.23"]
[EventType "team-tourn"]
[EventRounds "9"]
[EventCountry "GER"]
[SourceTitle "EXT 2007"]
[Source "ChessBase"]
[SourceDate "2006.11.23"]
[SourceVersion "1"]
[SourceVersionDate "2006.11.23"]
[SourceQuality "1"]
[WhiteTeam "Hamburg Koenigsspringer"]
[BlackTeam "Schwerin"]
[WhiteTeamCountry "GER"]
[BlackTeamCountry "GER"]

1. e4 c6 2. d4 d5 3. Nd2 dxe4 4. Nxe4 Nf6 5. Nxf6+ gxf6 6. c3 Bf5 7. Nf3 e6 8. g3 Qd5 9. Bg2 Be4 10. 0-0 Nd7 11. Qe2 f5 12. Rd1 Nb6 13. b3 Bg7 14. c4 Qd8 15. Ne5 Bxg2 16. Kxg2 Qe7 17. a4 Nd7 18. Ba3 c5 19. Nxd7 Qxd7 20. Bxc5 b6 21. Qf3 bxc5 22. Qxa8+ Ke7 23. Qf3 cxd4 24. g4 fxg4 25. Qxg4 Bf6 26. Qf3 Rc8 27. Ra2 Rc5 28. Kh1 Rf5 29. Qe4 Rh5 30. Qf3 Rh4 31. Re2 h5 32. Rd3 Qc7 33. h3 Rf4 34. Qg2 Rf5 35. Qe4 Rf4 36. Qg2 Rf5 37. Rf3 Re5 38. Rxe5 Qxe5 39. Qf1 h4 40. Qd1 Qe4 41. Kg1 Qg6+ 42. Kf1 Qe4 43. Qd3 Qe5 44. Qe2 Qg5 45. Rd3 Qc1+ 46. Qd1 Qg5 47. Rxd4 Bxd4 48. Qxd4 Qc1+ 49. Kg2 Qg5+ 50. Qg4 Qf6 51. Qe4 Qg5+ 52. Kf3 Qh5+ 53. Ke3 a5 54. Kd2 f5 55. Qe3 Qh8 56. Qa7+ Kd6 57. Qb6+ Kd7 58. Kd3 Qa8 59. Qd4+ Kc7 60. Qe3 Kd7 61. Kc3 Qh1 62. Qd4+ Kc6 63. Qe3 Qa1+ 64. Kd2 Qb2+ 65. Kd1 Qb1+ 66. Ke2 Qb2+ 67. Kf1 e5 68. Qf3+ Kc5 69. Qxf5 Qxb3 70. Qxe5+ Kxc4 71. Qe6+ Kb4 72. Qxb3+ Kxb3 73. f4 Kxa4 74. f5 1-0

[Event "Oberliga Nord N 0506"]
[Site "Germany"]
[Date "2006.01.15"]
[Round "5.8"]
[White "Cremer, Jochen"]
[Black "Jordan, Wolfgang"]
[Result "1/2-1/2"]
[WhiteElo "2128"]
[BlackElo "2180"]
[PlyCount "96"]
[EventDate "2005.10.23"]
[EventType "team-tourn"]
[EventRounds "9"]
[EventCountry "GER"]
[SourceTitle "EXT 2007"]
[Source "ChessBase"]
[SourceDate "2006.11.23"]
[SourceVersion "1"]
[SourceVersionDate "2006.11.23"]
[SourceQuality "1"]
[WhiteTeam "Hamburg Koenigsspringer"]
[BlackTeam "Hamburg Schachfreunde"]
[WhiteTeamCountry "GER"]
[BlackTeamCountry "GER"]

1. e4 g6 2. d4 d6 3. Nc3 c6 4. Be3 Bg7 5. Qd2 b5 6. f3 a6 7. g4 h5 8. g5 Nd7 9. h4 e6 10. Nh3 Ne7 11. a4 b4 12. Ne2 a5 13. Ng3 d5 14. Be2 Ba6 15. 0-0 c5 16. c3 Qc7 17. Kg2 0-0 18. cxb4 cxb4 19. Rfc1 Qb7 20. Nf4 dxe4 21. fxe4 Nf5 22. Nxf5 exf5 23. Nd5 fxe4 24. Ne7+ Kh7 25. Nc6 Bxe2 26. Qxe2 f5 27. gxf6 Rxf6 28. Qb5 Qxb5 29. axb5 Rf3 30. Bg1 a4 31. Re1 Rb3 32. Ra2 a3 33. Re2 Re8 34. Be3 Nb6 35. Na5 Rxb2 36. Raxb2 axb2 37. Rxb2 Nd5 38. Kf2 Rb8 39. Nc4 Nxe3 40. Kxe3 Rxb5 41. Kxe4 Bf6 42. Rb3 Bxh4 43. d5 Kg7 44. Ke5 Rb8 45. d6 Kf7 46. Rf3+ Kg7 47. Rb3 Kf7 48. Rf3+ Kg7 1/2-1/2